| 000 | 01278cam a22003497a 4500 | ||
|---|---|---|---|
| 003 | CHAP | ||
| 005 | 20220817043737.0 | ||
| 008 | 010112d2000 mx a r 00110 spa d | ||
| 010 | _a83225 | ||
| 011 | _a84197 | ||
| 035 | _a94716 | ||
| 040 | _cCHAP | ||
| 090 | _aTesis | ||
| 100 | 0 | 0 | _aMartínez Hernández, Angel. |
| 245 | 1 | 0 |
_aDiseño preliminar de una construcción no convencional ; _benergéticamente eficiente y operacionalmente ergonómica para el departamento de agroecología _c/por Angel Martínez Hernández |
| 260 |
_aChapingo, Méx. : _bEl autor, _c2000. |
||
| 300 |
_a104 h. : _bilus. |
||
| 502 | _aTesis (Ing. en Agroecología) -- UACH. Departamento de Agroecología | ||
| 590 |
_aALEPH _b10 _c20130110 _lUCH01 _h1440 |
||
| 590 |
_aBATCH-UPD _b10 _c20130110 _lUCH01 _h0357 |
||
| 590 |
_aBATCH-UPD _b10 _c20130410 _lUCH01 _h0030 |
||
| 590 |
_aBATCH-UPD _b10 _c20130914 _lUCH01 _h0400 |
||
| 590 |
_aCONVERSION _b10 _c20130109 _lUCH01 _h1346 |
||
| 650 | 1 | 4 |
_aArquitectura ecológica. _97379 |
| 650 | 1 | 4 |
_aDiseño en ingeniería. _932730 |
| 650 | 1 | 4 |
_aIngeniería ambiental. _958207 |
| 901 | _aBK | ||
| 905 | _aLilia Sánchez G. | ||
| 942 | _cFOLL | ||
| 949 |
_bBC _cTES _d33724000809315 _eTS2 _fc.2 _h37780 _i94716 _si |
||
| 949 |
_bBC _cTES _d947161 _eTS1 _h37779 _i94716 _sb |
||
| 999 |
_c83225 _d83225 |
||